000
00328nam a2200145Ia 4500
008
150201s2006 xx 000 0 und d
082
_a
618.92
_b
P06S
100
_a
SINGH,M
245
_a
PEDIATRIC CLNICAL METHODS
250
_a
3RD
260
_b
SAGER
_a
DELHI
_c
2006
300
_a
1-324
650
_a
PAEDIATRICS
942
_2
ddc
_c
BK
999
_c
352
_d
352